000 00390nam a2200169Ia 4500
003 0STCL
008 150530s9999 xx 000 0 und d
040 _aSTCL
_cSTCL
100 _aDawkins,R.
245 4 _aThe Selfish Gene
260 _bOxford university press; Delhi
_c2007
_aDelhi
300 _a0
546 _aEnglish
942 _2ddc
_cBK
999 _c37497
_d37497
005 20220125170421.0